حرف اقبال / (Record no. 171788)

MARC details
000 -LEADER
fixed length control field 00535nam a22001937a 4500
005 - DATE AND TIME OF LATEST TRANSACTION
control field 20200121104513.0
010 ## - LCCN (DPL NO)
LC control number 88806
020 ## - INTERNATIONAL STANDARD BOOK NUMBER
Terms of availability 3.00
035 ## - SYSTEM CONTROL NUMBER
System control number 88806
037 ## - SOURCE OF ACQUISITION
Source of stock number/acquisition Cen Lib/Ret
082 ## - DEWEY DECIMAL CLASSIFICATION NUMBER
Classification number 844
100 ## - MAIN ENTRY--PERSONAL NAME
Personal name شیروانی ، لطیف احمد
245 ## - TITLE STATEMENT
Title حرف اقبال /
Statement of responsibility, etc لطیف احمد شیروانی
246 ## - VARYING FORM OF TITLE
Title proper/short title Harfe Iqbal (Urdu) /
Remainder of title by Lateef Ahmed Sherwani
260 ## - PUBLICATION, DISTRIBUTION, ETC. (IMPRINT)
Place of publication, distribution, etc Lahore
Name of publisher, distributor, etc -
Date of publication, distribution, etc 1955 ء
270 ## - ADDRESS
City -
Address -
Postal code -
300 ## - PHYSICAL DESCRIPTION
Extent 152p.
Dimensions 17cm(Hb)
942 ## - ADDED ENTRY ELEMENTS (KOHA)
Source of classification or shelving scheme Dewey Decimal Classification
Item type Urdu Bks
Classification part 844
Call number suffix ش ی ر
Holdings
Withdrawn status Lost status Not for loan Collection code Home library Current library Date acquired Source of acquisition Cost, normal purchase price Full call number Barcode Copy number Cost, replacement price Koha item type
      Non-fiction Central Library Central Library 21/01/2020 BPPD/Ven. 3.00 844 ش ی ر 88806 1 3.00 Urdu Bks

© Delhi Public Library
Hit Counter
free hit counter